Comentarios a la Constitución Española de 1978 (Registro nro. 158822)
[ vista simple ]
| 000 -LEADER | |
|---|---|
| fixed length control field | 01380ny a22003013n 4500 |
| 008 - FIXED-LENGTH DATA ELEMENTS--GENERAL INFORMATION | |
| fixed length control field | 980929s1998 sp s 000 0 spa c |
| 017 ## - | |
| -- | D.L. M40346-1996 |
| 020 ## - INTERNATIONAL STANDARD BOOK NUMBER | |
| International Standard Book Number | 8471309165 |
| 035 ## - | |
| -- | 1631 |
| 040 ## - CATALOGING SOURCE | |
| Original cataloging agency | UMA.DER |
| Modifying agency | vLex |
| 040 ## - CATALOGING SOURCE | |
| Original cataloging agency | UMA.RE |
| Modifying agency | vLex |
| 080 ## - | |
| -- | 342.4(460) |
| 090 ## - | |
| -- | 291 |
| -- | 291 |
| 245 00 - TITLE STATEMENT | |
| Title | Comentarios a la Constitución Española de 1978 |
| Medium | [Recurso electrónico] |
| Statement of responsibility, etc | dirigidos por Oscar Alzaga Villaamil / Fernando Santaolalla...[et al.] |
| Name of part/section of a work | Tomo VII - Articulos 81 a 96 de la Constitucion Española de 1978 |
| 256 ## - | |
| -- | Servicio en línea |
| 260 ## - PUBLICATION, DISTRIBUTION, ETC. (IMPRINT) | |
| Place of publication, distribution, etc | [Madrid] : |
| Name of publisher, distributor, etc | Cortes Generales : |
| -- | EDERSA, |
| Date of publication, distribution, etc | cop.1998 |
| 300 ## - PHYSICAL DESCRIPTION | |
| Extent | 651 p. ; |
| 506 1# - RESTRICTIONS ON ACCESS NOTE | |
| Terms governing access | Contenido solo disponible en los productos indicados |
| Authorized users | vLex Global |
| -- | vLex Global (Academic Edition, excluding Law Schools) |
| -- | vLex Global (U.S. Academic Edition, Law Schools) |
| -- | vLex Global (U.S. Academic Edition, excluding Law Schools) |
| -- | vLex Global (Academic Edition, Law Schools) |
| 650 04 - SUBJECT ADDED ENTRY--TOPICAL TERM | |
| Source of heading or term | Tesauro vLex |
| Topical term or geographic name as entry element | Derechos fundamentales |
| 650 04 - SUBJECT ADDED ENTRY--TOPICAL TERM | |
| Source of heading or term | Tesauro vLex |
| Topical term or geographic name as entry element | Constitucional |
| 700 1# - ADDED ENTRY--PERSONAL NAME | |
| Personal name | Alzaga Villaamil, Oscar, |
| Relator term | dir |
| 700 1# - ADDED ENTRY--PERSONAL NAME | |
| Personal name | Santaolalla López, Fernando |
| 710 1# - ADDED ENTRY--CORPORATE NAME | |
| Corporate name or jurisdiction name as entry element | España. |
| Subordinate unit | Cortes Generales, |
| Relator term | ed |
| 740 0# - | |
| -- | vLex Libros (Servicios en línea) |
| 856 40 - LOCALIZACIÓN Y ACCESO ELECTRÓNICO | |
| Identificador Uniforme del Recurso (URI/URL) | https://app.vlex.com/#/sources/constitucion-espa-ola-comentarios-tomo-viii-1631 |
| 942 ## - | |
| -- | RAA |
| 999 ## - | |
| -- | 158822 |
| -- | 158822 |
No hay ítems disponibles.